1749 1904 1817 1355 1525 1033 1671 1532 1868 1753 1024 1181 1173 1294 1897 1389 1720 1038 1683 1552 1248 1432 1513 1754 1921 1560 1749 1282 1971 1617 1701 1513 1298 1958 1946 1189 1095 1113 1584 1990 1374 1450 1291 1044 1307 1130 1667 1429 1195 1946 1896 1334 1756 1601 1315 1845 1140 1813 1025 1695 1519 1342 1469 1151 1157 1805 1232 1044 1587 1327 1236 1593 1465 1810 1262 1825 1329 1968 1937 1462 1215 1147 1407 1435 1838 1897 1933 1451 1894 1890 1765 1939 1880 1892 1024 1910 1621 1688 1248 BCNSPRNW ULIB Ver.6.0+V

เปลี่ยนเป็นภาษาไทย

Change to English
 แสดงรายละเอียดบรรณานุกรม
  กลับหน้าหลัก

Brief Record : Get Marc (ISO 2709) : E-mail record : QR code < ปิดหน้าต่าง
LEADER : 00000nam 2200000uu 4500
001    13399126257
003     ULIB
008    180827s2561||||th 000 0 tha d
020    ^a9789740337331 : ^c290 บาท
060  0 ^aQU145^bอ525อ
100 0  ^aอัญชลี ศรีจำเริญ
245 10 ^aอาหารและโภชนาการ : ^bการป้องกันกลไกลบกพร่อง / ^cอัญชลี ศรีจำเริญ
260    ^aกรุงเทพฯ : ^bสำนักพิมพ์แห่งจุฬาลงกรณ์มหาวิทยาลัย ; ^c2561
300    ^a227 หน้า : ^bภาพประกอบ ; ^c29 ซม.
650  4 ^aโภชนาการ
650  4 ^aโรคเรื้อรัง^xการป้องกัน
650  4 ^aผู้สูงอายุ^xโรค^xการป้องกัน
945    ^p290^l0^i004418
945    ^p290^l0^i004414
945    ^p290^l0^i004415
945    ^p290^l0^i004416
945    ^p290^l0^i004417
999    ^aประนอม เกษจรัล
รายการนี้ยังไม่มีแท็ก
คุณยังไม่ได้ล็อกอิน คุณสามารถมีกิจกรรมร่วมกับเว็บไซต์ได้ แต่ต้องล็อกอินก่อน ::
  ล็อกอิน

รายการสื่อสารสนเทศ

ลำดับที่ ประเภท เลขเรียก/บาร์โค้ด สถานที่ สถานะ
1. วิทยาศาสตร์การแพทย์ และสุขภาพ
หนังสือสำรอง
สถานะ=หนังสือสำรอง
QU145 อ525อ ฉ.1 
  Barcode: 004414
ห้องสมุดวิทยาเขตสวรรค์ประชารักษ์
►หนังสือทั่วไป
บนชั้น
2. วิทยาศาสตร์การแพทย์ และสุขภาพ
วิทยาศาสตร์การแพทย์ และสุขภาพ
QU145 อ525อ ฉ.2 
  Barcode: 004415
ห้องสมุดวิทยาเขตสวรรค์ประชารักษ์
►หนังสือทั่วไป
บนชั้น
3. วิทยาศาสตร์การแพทย์ และสุขภาพ
วิทยาศาสตร์การแพทย์ และสุขภาพ
QU145 อ525อ ฉ.3 
  Barcode: 004416
ห้องสมุดวิทยาเขตสวรรค์ประชารักษ์
►หนังสือทั่วไป
บนชั้น
4. วิทยาศาสตร์การแพทย์ และสุขภาพ
วิทยาศาสตร์การแพทย์ และสุขภาพ
QU145 อ525อ ฉ.4 
  Barcode: 004417
ห้องสมุดวิทยาเขตสวรรค์ประชารักษ์
►หนังสือทั่วไป
บนชั้น
5. วิทยาศาสตร์การแพทย์ และสุขภาพ
วิทยาศาสตร์การแพทย์ และสุขภาพ
QU145 อ525อ ฉ.5 
  Barcode: 004418
ห้องสมุดวิทยาเขตสวรรค์ประชารักษ์
►หนังสือทั่วไป
บนชั้น

รายการใกล้เคียง
    ผู้แต่ง [อัญชลี ศรีจำเริญ]

    หัวเรื่อง [โภชนาการ]

BibComment


ยังไม่เคยถูกคอมเมนท์

คอมเมนท์ทรัพยากรรายการนี้
  คอมเมนท์: อาหารและโภชนาการ..


 Copyright 2026. Bcnsprnw @Library